LEADER 01515nam a2200325 u 4500 001 000000019457 003 CaOOAMICUS 005 20110719142621.0 008 950322s1994 gw u000 u lat u 020 $a3886120511 035 $a10468204 040 $aIAR$bita 041 0 $alat$ager 100 0 $aAlbert,$cmonaco,$dsec. XIV.$0(OLS)http://pul/name/17090 245 14$aDie Weltchronik des Mönchs Albert :$b1273/77 - 1454/56 /$cherausgegeben von Rolf Sprandel. 260 $aMünchen :$bMonumenta Germaniae Historica,$c1994. 300 $a391 p. ;$c23 cm 490 1 $aMonumenta Germaniae historica.$aScriptores rerum Germanicarum.$aNova series, ;$v17 500 $aIndex: p. [331]-391. 504 $a"Quellen- und Literaturverzeichnis": p. [32]-34. 600 04$aAlbert,$cmonaco,$dsec. XIV.$tWeltchronik.$0(OLS)http://pul/subject/13118 700 1 $aSprandel, Rolf,$d1931-$0(OLS)http://pul/name/12927 830 0$aMonumenta Germaniae historica.$pScriptores rerum Germanicarum.$pNova series ;$v17.$0(OLS)http://pul/title/27557 850 $aPUL 852 $aPUL$W1$xSL Cons. Gen., Altre Classi 1$y1$m2017 A 6.17$j119353$nBK-PRI$qStampati$B27328$CPULBib$Z2$F27328 $H73397 $82 941 1 $a8 961 $aINV: 73397 996 $6020$a3886120511$9(OLS)http://pul/number/24986 996 $6245$aDie Weltchronik des Mönchs Albert :$b1273/77 - 1454/56$9(OLS)http://pul/title/27559 996 $6260$aMünchen :$bMonumenta Germaniae Historica$9(OLS)http://pul/publisher/47849 LEADER 01348nam a2200313 a 4500 001 000000176495 003 CaOOAMICUS 005 20240119114450.0 008 240119s2018 be u000 u eng r 020 $a978-90-429-4790-0* 032 $aLibriCat 040 $aPUL$bita 082 04$a230 100 1 $aKuipers-Sedee, Marianne.$0(OLS)http://pul/name/113415 245 10$aChesterton, the new atheism, and an apologetics of common sense /$cby Marianne Kuipers-Sedee. 260 $aLeuven, Paris, Bristol :$bPeeters,$c2023. 300 $aXIV, 267 p. ;$c24 cm$c 490 1 $aStudies in philosophical theology ;$v70 504 $aInclude riferimenti bibliografici e indici. 650 4$aSenso comune.$0(OLS)http://pul/subject/20762 830 0$aStudies in philosophical theology ;$v70.$0(OLS)http://pul/title/105787 850 $aPUL 852 $aPUL$W1$xSL Religione 3$y85$m230 COLL 9.70$j200553$qDDC 21$B205437$CPULBib$Z2$F205437 $H136713 $82 941 1 $a9 996 $6020$a978-90-429-4790-0*$9(OLS)http://pul/number/169500 996 $6082$a230$9(OLS)http://pul/classification/368 996 $6245$aChesterton, the new atheism, and an apologetics of common sense$9(OLS)http://pul/title/217985 996 $6260$aLeuven, Paris, Bristol :$bPeeters$9(OLS)http://pul/publisher/83372